[Event "Challenge"]
[Site "http://www.queenalice.com/game.php?id=686510"]
[Date "2009.11.21"]
[Round "-"]
[White "Bixu"]
[Black "noxxon"]
[Result "1-0"]
[WhiteElo "1833"]
[BlackElo "1441"]

1. e4 e5 2. Nf3 d6 3. Bc4 c6 4. d3 f5 5. Ng5 Nh6 6. Ne6 Qb6 7. b3 Ng4 8. O-O d5
9. Bxd5 Bxe6 10. Bxe6 g6 11. exf5 Bc5 12. Qf3 h5 13. fxg6 Ke7 14. Qf7+ Kd6 15.
g7 Rg8 16. Bxg4 hxg4 17. Qxg8 a5 18. Qf8+ Ke6 19. g8=Q+ Kd7 20. Qgf7+ 1-0

[Event "AUTO-INT-1606"]
[Site "http://www.queenalice.com/game.php?id=729118"]
[Date "2010.2.10"]
[Round "1"]
[White "ferrari"]
[Black "noxxon"]
[Result "0-1"]
[WhiteElo "1475"]
[BlackElo "1488"]

1. e4 e5 2. Nf3 d5 3. exd5 Qxd5 4. Nc3 Qc5 5. d4 exd4 6. Qxd4 Qxd4 7. Nxd4 Na6
8. Bxa6 bxa6 9. O-O h5 10. Re1+ Ne7 11. Nc6 Rh6 12. Bxh6 gxh6 13. Nxe7 Bxe7 14.
Nd5 Kd7 15. Nxe7 Bb7 16. Nf5 Rg8 17. g3 Bc8 18. Rad1+ Kc6 19. Ne7+ Kb7 20. Nxg8
Bf5 21. c3 f6 22. Nxf6 Kb6 23. Nxh5 Bg4 24. Rd5 c6 25. Rde5 Bxh5 26. Rxh5 a5 27.
Rxh6 Kb5 28. f4 a4 29. f5 a3 30. bxa3 c5 31. f6 Ka4 32. f7 a5 33. f8=Q Kxa3 34.
Qxc5+ Kb2 35. Rb6+ Kc2 36. Qf5+ Kd2 37. Qf2+ Kxc3 38. Rc1+ Kd3 0-1

[Event "AUTO-INT-1606"]
[Site "http://www.queenalice.com/game.php?id=729119"]
[Date "2010.2.10"]
[Round "1"]
[White "noxxon"]
[Black "ferrari"]
[Result "1-0"]
[WhiteElo "1471"]
[BlackElo "1492"]

1. d4 Nf6 2. d5 d6 3. e3 g6 4. c4 Bg7 5. Na3 O-O 6. Qf3 Bg4 7. Qg3 c5 8. f3 Bd7
9. f4 Ne4 10. Qh4 Qa5+ 11. Ke2 Bxb2 12. Qe1 Bc3 13. Qd1 Bxa1 14. Qd3 Nf6 15. Bd2
Qd8 16. g3 Bg4+ 17. Nf3 Bxf3+ 18. Kxf3 Nh5 19. g4 Ng7 20. h4 e5 21. dxe6 fxe6
22. h5 g5 23. Bc3 Bxc3 24. Qxc3 gxf4 25. exf4 e5 26. Ke4 Rxf4+ 27. Kd3 Rd4+ 28.
Kc2 Rxg4 29. h6 Ne6 30. Bh3 Nd4+ 31. Kd2 Qg5+ 32. Qe3 Qxe3+ 33. Kxe3 Rg3+ 34.
Ke4 Rxa3 35. Rg1+ Kf8 36. Rg7 Rxh3 37. Rxh7 Rh4+ 38. Kd5 Kg8 39. Rg7+ 1-0

[Event "AUTO-INT-1606"]
[Site "http://www.queenalice.com/game.php?id=729132"]
[Date "2010.2.10"]
[Round "1"]
[White "noxxon"]
[Black "Prosperidade"]
[Result "0-1"]
[WhiteElo "1501"]
[BlackElo "1939"]

1. d4 d5 2. e3 e6 3. c4 c6 4. a4 a5 5. cxd5 cxd5 6. Nc3 Nf6 7. Nh3 Bb4 8. Bd2
O-O 9. Qc2 Nc6 10. e4 dxe4 11. Nxe4 Nxe4 12. Qxe4 Bxd2+ 13. Kxd2 Qxd4+ 14. Bd3
Qxe4 15. Bxe4 Rd8+ 16. Ke3 Nb4 17. Rad1 Rf8 18. Rd6 h6 19. Rhd1 g5 20. f4 f5 21.
Bb1 g4 22. Nf2 Nd5+ 23. Kd4 Kf7 24. Ba2 Ke7 25. Ke5 Nb4 26. Bxe6 Nc6+ 27. Kd5
Rd8 28. Rxd8 Bxe6+ 29. Kc5 Rxd8 30. Re1 Rd2 31. h3 Rxf2 32. Kb6 Rxb2+ 33. Kc7
Kf6 34. hxg4 fxg4 35. Rh1 Kg6 36. Kd6 Bf5 37. Kd5 Rb4 38. Rd1 Rxf4 39. Kd6 Rd4+
40. Rxd4 Nxd4 41. Kc7 Be4 42. Kb6 Nb3 43. g3 Bc6 44. Kc7 Kg5 45. Kd6 Bxa4 46.
Kc7 Bc6 47. Kb6 a4 48. Kc7 a3 0-1

[Event "AUTO-INT-1606"]
[Site "http://www.queenalice.com/game.php?id=729133"]
[Date "2010.2.10"]
[Round "1"]
[White "Prosperidade"]
[Black "noxxon"]
[Result "1-0"]
[WhiteElo "1740"]
[BlackElo "1439"]

1. d4 d5 2. e3 c6 3. c4 Na6 4. Nf3 h5 5. h3 Nb4 6. a3 Na6 7. Nc3 h4 8. cxd5 cxd5
9. Bd3 e6 10. O-O Rh6 11. e4 Rg6 12. e5 f5 13. exf6 Qxf6 14. Bxg6+ Qxg6 15. Ne5
Qf6 16. Qh5+ Ke7 17. Bg5 Qxg5 18. Qf7+ Kd6 19. Nb5# 1-0

[Event "AUTO-INT-1606"]
[Site "http://www.queenalice.com/game.php?id=729134"]
[Date "2010.2.10"]
[Round "1"]
[White "noxxon"]
[Black "Daciolg"]
[Result "0-1"]
[WhiteElo "1454"]
[BlackElo "1525"]

1. d4 d5 2. e3 Nc6 3. c4 e6 4. Na3 Nf6 5. f3 Be7 6. c5 O-O 7. Nh3 Re8 8. Qc2 e5
9. g4 exd4 10. exd4 Nxd4 11. Qd3 Bxc5+ 12. Be2 Nxe2 13. Qc2 Nd4+ 14. Kf1 Nxc2
15. Nxc2 d4 16. Kf2 d3+ 17. Kg3 dxc2 18. Bf4 Qd3 19. Nf2 Bxf2+ 20. Kxf2 Re2+ 21.
Kg3 Ne4+ 22. Kh4 Qxf3 23. Raf1 Qxg4# 0-1

[Event "AUTO-INT-1606"]
[Site "http://www.queenalice.com/game.php?id=729135"]
[Date "2010.2.10"]
[Round "1"]
[White "Daciolg"]
[Black "noxxon"]
[Result "1-0"]
[WhiteElo "1511"]
[BlackElo "1468"]

1. e4 e5 2. Nf3 d6 3. Bc4 f5 4. d3 c6 5. O-O Na6 6. Re1 f4 7. d4 g5 8. dxe5 Nb4
9. exd6 Bxd6 10. a3 g4 11. axb4 gxf3 12. Qxf3 Nh6 13. Qh5+ Nf7 14. Qxf7# 1-0

[Event "Challenge"]
[Site "http://www.queenalice.com/game.php?id=758118"]
[Date "2010.4.8"]
[Round "-"]
[White "noxxon"]
[Black "alfil187"]
[Result "1-0"]
[WhiteElo "1469"]
[BlackElo "1083"]

1. d4 Nc6 2. e3 e6 3. d5 Nh6 4. dxc6 dxc6 5. Qf3 Bb4+ 6. c3 Ba5 7. Bd3 g6 8. b4
Bb6 9. Na3 e5 10. Nc4 O-O 11. Nxe5 f6 12. Ng4 Bxg4 13. Qf4 g5 14. Qe4 Bf5 15.
Qc4+ Kg7 16. h4 Qxd3 17. Qb3 Ng4 18. hxg5 fxg5 19. Nf3 Be4 20. Bd2 Rf6 21. Nxg5
Rd8 22. Rd1 Bxg2 23. Rg1 Bf3 24. Nxf3 Rg6 25. Nh4 Rf6 26. Rxg4+ Kh6 27. e4+ 1-0

[Event "partida de cracks!!!!"]
[Site "http://www.queenalice.com/game.php?id=773300"]
[Date "2010.5.9"]
[Round "-"]
[White "noxxon"]
[Black "Bixu"]
[Result "0-1"]
[WhiteElo "1503"]
[BlackElo "1862"]

1. d4 d5 2. e3 Nf6 3. c4 e6 4. Na3 Bxa3 5. bxa3 c6 6. f3 O-O 7. Rb1 a5 8. a4 b6
9. c5 bxc5 10. dxc5 Ba6 11. h4 Bxf1 12. Kxf1 Na6 13. Rb6 Nxc5 14. Rxc6 Rc8 15.
Rb6 Qxb6 16. h5 h6 17. f4 Nce4 18. Nf3 Ng3+ 19. Kg1 Nxh1 20. Kxh1 Nxh5 21. Kh2
Nf6 22. Ne5 Qb1 23. Qd2 Rxc1 24. Kg3 Ne4+ 0-1

[Event "Challenge"]
[Site "http://www.queenalice.com/game.php?id=787060"]
[Date "2010.6.8"]
[Round "-"]
[White "noxxon"]
[Black "jorm"]
[Result "0-1"]
[WhiteElo "1481"]
[BlackElo "1891"]

1. d4 d5 2. e3 Nf6 3. c4 dxc4 4. Bxc4 e6 5. Na3 c6 6. Nh3 b5 7. Bb3 Ne4 8. f3
Nf6 9. e4 Ba6 10. O-O Bc8 11. e5 Nd5 12. Bg5 Be7 13. Bxe7 Qxe7 14. Nc2 a5 15. a4
b4 16. f4 h6 17. Qd2 Ba6 18. Rf3 Nd7 19. f5 exf5 20. Rxf5 O-O 21. Qf2 Bd3 22.
Rf3 Be4 23. Rg3 f6 24. Nf4 fxe5 25. Qe2 exf4 26. Rg4 Kh8 27. Rf1 Qe8 28. Re1
Bxc2 29. Bxc2 Ne3 30. Bg6 Qe6 31. Bh5 Rf6 32. Qf3 g5 33. d5 cxd5 34. g3 Ne5 35.
Qe2 N5xg4 36. Bxg4 Qb6 37. Qb5 Qd4 38. Re2 Nxg4+ 39. Kf1 Rff8 40. Ke1 Ne3 41.
Rd2 Qe4 42. Qd3 Qh1+ 43. Ke2 Qf1# 0-1

[Event "Challenge"]
[Site "http://www.queenalice.com/game.php?id=801744"]
[Date "2010.7.11"]
[Round "-"]
[White "noxxon"]
[Black "Camy"]
[Result "0-1"]
[WhiteElo "1499"]
[BlackElo "1489"]

1. d4 d5 2. e3 Nf6 3. c4 e6 4. Nf3 Be7 5. Nc3 Ne4 6. cxd5 exd5 7. Nxe4 dxe4 8.
Ne5 Be6 9. Bc4 Bxc4 10. Nxc4 Nc6 11. O-O O-O 12. f3 Bd6 13. g3 Qd7 14. Rf2 Qe6
15. d5 Qh3 16. dxc6 bxc6 17. Nxd6 cxd6 18. Qxd6 Rad8 19. Qxc6 Rd1+ 0-1

[Event "Viva la república! muera el rey"]
[Site "http://www.queenalice.com/game.php?id=814259"]
[Date "2010.8.6"]
[Round "-"]
[White "Bixu"]
[Black "noxxon"]
[Result "1-0"]
[WhiteElo "1854"]
[BlackElo "1483"]

1. e4 e5 2. Bc4 Nh6 3. Qh5 g6 4. Qxe5+ Be7 5. Qxh8+ Bf8 6. Qe5+ Be7 7. Qh8+ Bf8
8. Qxh7 Qf6 9. h3 Bc5 10. Nf3 Nc6 11. Qxh6 Nd4 12. Nxd4 Qxd4 13. Bxf7+ Kxf7 14.
Qf4+ Kg7 15. O-O d6 16. d3 Be6 17. Be3 Qf6 18. Qxf6+ Kxf6 19. Bxc5 dxc5 20. Nc3
c6 21. e5+ Kxe5 22. Rfe1+ Kd6 23. Ne4+ Kd5 24. c4+ Kd4 25. Nd6 Bd7 26. Rad1 b5
27. Re4# 1-0

[Event "agsantos"]
[Site "http://www.queenalice.com/game.php?id=835305"]
[Date "2010.9.20"]
[Round "3"]
[White "noxxon"]
[Black "LEOKnopp"]
[Result "1-0"]
[WhiteElo "1479"]
[BlackElo "1586"]

1. d4 d5 2. e3 Bf5 3. c4 Nf6 4. Na3 e6 5. h3 Ne4 6. g4 Qh4 7. Qf3 Bb4+ 8. Ke2
dxc4 9. gxf5 c3 10. Kd3 cxb2 11. Bxb2 Nxf2+ 12. Kc4 Nc6 13. Qf4 Qe7 14. Qxf2
Na5+ 15. Kd3 e5 16. e4 O-O-O 17. Nc4 Bc5 18. Nf3 Bxd4 19. Nxd4 Nc6 20. Kc2 Nxd4+
21. Bxd4 exd4 22. Kd3 Qb4 23. Rc1 b5 24. Ne5 Qa3+ 25. Kd2 Rhe8 26. Qf4 Qb4+ 27.
Kd1 Qa4+ 28. Rc2 d3 29. Bxd3 Rd4 30. Rh2 Kb7 31. Rd2 b4 32. Nf3 b3 33. Qxc7+ Ka8
34. axb3 Qb4 35. Nxd4 Rb8 36. Ba6 Qb6 37. Qc4 g5 38. Qd5+ Qb7 39. Bxb7+ Rxb7 40.
Rc8# 1-0

[Event "Challenge"]
[Site "http://www.queenalice.com/game.php?id=867923"]
[Date "2010.12.5"]
[Round "-"]
[White "Bixu"]
[Black "noxxon"]
[Result "1-0"]
[WhiteElo "1780"]
[BlackElo "1508"]

1. e4 e5 2. Nf3 d6 3. Bc4 f5 4. d3 c6 5. Bg5 Qb6 6. b3 fxe4 7. dxe4 Be7 8. Bxe7
Nxe7 9. Qxd6 Nd7 10. Nxe5 Rf8 11. O-O Rf6 12. Qd2 Nxe5 13. Qe3 c5 14. Qc3 N7c6
15. Qg3 Bg4 16. h3 Bh5 17. Qxg7 Nd4 18. Nc3 O-O-O 19. Qxf6 Qxf6 20. Nd5 Qg5 21.
f4 Qg3 22. fxe5 Qxe5 23. Rae1 Nxc2 24. Rf5 Qd4+ 25. Kh2 Nxe1 26. Rxh5 Qg7 27.
Ne3 Rd2 28. Rxc5+ Kb8 29. Bf1 Qe7 30. Rd5 Rf2 31. Kg1 Qh4 32. Ng4 1-0

[Event "agsantos"]
[Site "http://www.queenalice.com/game.php?id=878620"]
[Date "2010.12.29"]
[Round "4"]
[White "agsantos"]
[Black "noxxon"]
[Result "0-1"]
[WhiteElo "1874"]
[BlackElo "1499"]

1. e4 e5 2. Bc4 a6 3. Nf3 d6 4. O-O b5 5. Bd3 d5 6. Nxe5 dxe4 7. Bxe4 Qf6 8.
Bc6+ Nxc6 9. d4 Bb7 10. Re1 O-O-O 11. Qg4+ Qe6 12. Qxe6+ fxe6 13. Nxc6 Bxc6 14.
Nc3 Rxd4 15. f3 Bc5 16. Be3 Rc4 17. Bxc5 Rxc5 18. b4 Rxc3 0-1

[Event "Challenge"]
[Site "http://www.queenalice.com/game.php?id=894432"]
[Date "2011.2.1"]
[Round "-"]
[White "joseluisgrilo"]
[Black "noxxon"]
[Result "1-0"]
[WhiteElo "1831"]
[BlackElo "1511"]

1. e4 e5 2. d3 d5 3. Qf3 Nh6 4. Bxh6 gxh6 5. exd5 Na6 6. d4 Bg7 7. dxe5 Bxe5 8.
Bc4 b5 9. Bxb5+ Bd7 10. Bxd7+ Qxd7 11. c3 Qe7 12. Ne2 Rd8 13. O-O Rg8 14. g3 Qh4
15. Nd2 Qh3 16. Nf4 Qg4 17. Rfe1 Qf5 18. Nc4 Rxd5 19. Qxd5 f6 20. Qc6+ 1-0

[Event "Challenge"]
[Site "http://www.queenalice.com/game.php?id=894433"]
[Date "2011.2.1"]
[Round "-"]
[White "noxxon"]
[Black "joseluisgrilo"]
[Result "0-1"]
[WhiteElo "1514"]
[BlackElo "1828"]

1. e4 e5 2. c3 c5 3. Na3 a6 4. d4 exd4 5. cxd4 Qf6 6. Nh3 cxd4 7. Bg5 Qe5 8. Qd3
Nc6 9. O-O-O Bxa3 10. Qxa3 d6 11. Bd3 Bxh3 12. gxh3 Qxg5+ 13. Kc2 O-O-O 14. Rhg1
Qc5+ 15. Qxc5 dxc5 16. Rxg7 Ne5 17. Be2 Nf6 18. f4 Ng6 19. e5 Nxf4 20. Bf3 d3+
21. Kd2 Nd7 22. Rxf7 Nxh3 23. Bg4 Nf2 0-1